000 00635nam a2200229Ia 4500
003 OSt
005 20220923212149.0
006 a|||||r|||| 00| 0
007 ta
008 220922b |||||||| |||| 00| 0 hin d
024 _a151,282
037 _cTextual
040 _aARTS
_cARTS
_bhin
041 _2hin
_ahin
082 _aM2, 152G0
100 _aशुक्ल, विष्णुदत्त
_9156365
245 0 _aपत्रकार-कला
246 _aPatrakāra-kalā
260 _c1930
942 _hM2, 152G0
_cTEXL
_2CC
999 _c306955
_d306955